[Event "Vienna Silvester op-A"]
[Site "Vienna"]
[Date "2022.01.01"]
[Round "6"]
[White "Mayrhuber, Franz"]
[Black "Kutschker, Roman"]
[Result "0-1"]
[WhiteElo "1767"]
[BlackElo "1623"]
[PlyCount "80"]
[EventDate "2021.12.27"]
[EventType "swiss"]
[EventRounds "7"]
[EventCountry "AUT"]
[SourceTitle "EXT 2023"]
[Source "ChessBase"]
[SourceDate "2022.10.05"]
[SourceVersion "1"]
[SourceVersionDate "2022.10.05"]
[SourceQuality "1"]

1. d4 d5 2. Nf3 Nf6 3. c4 c6 4. Nc3 e6 5. Bf4 dxc4 6. a4 Bb4 7. e3 Nd5 8. Qc2 Nxf4 9. exf4 Nd7 10. Bxc4 Nf6 11. 0-0 0-0 12. Rfe1 Bd6 13. g3 b6 14. Rad1 Qc7 15. Ne5 a6 16. Ne4 Nxe4 17. Qxe4 Bb7 18. Qe3 Rad8 19. Nxf7 Rxf7 20. Bxe6 Bc8 21. Bxf7+ Qxf7 22. b3 Bb4 23. Re2 Qh5 24. Qe5 Bg4 25. Qc7 Bxe2 26. Qxd8+ Bf8 27. Re1 Bf3 28. h4 Qf5 29. Kh2 Qc2 30. Kg1 Qxb3 31. a5 b5 32. Qe8 Bd5 33. Qe3 Qxe3 34. fxe3 Be4 35. Kf2 Kf7 36. g4 Be7 37. Kg3 b4 38. f5 Bd6+ 39. Kf2 b3 40. Re2 Ba3 0-1

[Event "Vienna-ch op"]
[Site "Vienna"]
[Date "2014.09.06"]
[Round "1"]
[White "Sepetavc, Walter"]
[Black "Mayrhuber, Franz"]
[Result "1-0"]
[WhiteElo "1940"]
[BlackElo "1898"]
[PlyCount "91"]
[EventDate "2014.09.06"]
[EventType "swiss"]
[EventRounds "9"]
[EventCountry "AUT"]
[SourceTitle "CBM 162 Extra"]
[Source "ChessBase"]
[SourceDate "2014.10.17"]
[SourceVersion "1"]
[SourceVersionDate "2014.10.17"]
[SourceQuality "1"]

1. e4 e5 2. Nf3 Nc6 3. Bc4 Bc5 4. c3 d6 5. d3 Bg4 6. h3 Bh5 7. Bb3 h6 8. Nbd2 Qf6 9. g4 Bg6 10. Nc4 Qd8 11. Ne3 Nge7 12. Nf5 Nxf5 13. exf5 Bh7 14. Qe2 f6 15. Nh4 Qe7 16. Be3 Bb6 17. 0-0-0 0-0-0 18. Qf3 Kb8 19. Rhe1 Rhe8 20. Bd5 Qd7 21. Be6 Qe7 22. Bxb6 axb6 23. b3 Ka7 24. Kb2 Ra8 25. d4 exd4 26. cxd4 Kb8 27. d5 Ne5 28. Qc3 Qd8 29. Ng2 Bg8 30. Nf4 Ka7 31. Bxg8 Rxg8 32. Ne6 Qd7 33. f4 Nf7 34. Qxc7 Qxc7 35. Nxc7 Rac8 36. Re7 Kb8 37. Ne6 Nd8 38. Nxg7 Rc7 39. Rxc7 Kxc7 40. Nh5 Rf8 41. Re1 Kd7 42. a4 Rf7 43. Re6 Kc7 44. Rxf6 Re7 45. Rxh6 Nf7 46. Re6 1-0

[Event "Vienna Husek op"]
[Site "Vienna"]
[Date "2014.07.08"]
[Round "4"]
[White "Mayrhuber, Franz"]
[Black "Ernst, Michael"]
[Result "0-1"]
[WhiteElo "1890"]
[BlackElo "2164"]
[PlyCount "52"]
[EventDate "2014.07.05"]
[EventType "swiss"]
[EventRounds "9"]
[EventCountry "AUT"]
[SourceTitle "CBM 161 Extra"]
[Source "ChessBase"]
[SourceDate "2014.08.29"]
[SourceVersion "1"]
[SourceVersionDate "2014.08.29"]
[SourceQuality "1"]

1. d4 Nf6 2. c4 e6 3. Nf3 d5 4. Nc3 Bb4 5. Qb3 c5 6. dxc5 Nc6 7. a3 Bxc5 8. e3 0-0 9. Qc2 a6 10. b4 Ba7 11. Bb2 dxc4 12. Bxc4 b5 13. Be2 Bb7 14. Rd1 Qc7 15. 0-0 Rac8 16. Rd2 Ne5 17. Nxe5 Qxe5 18. Qb3 Bb8 19. g3 Qf5 20. Qd1 Qh3 21. f3 Ng4 22. Bd3 Nxe3 23. Qe2 Nxf1 24. Qxf1 Ba7+ 25. Kh1 Qxf1+ 26. Bxf1 Rfd8 0-1

[Event "Vienna Husek op-B"]
[Site "Vienna"]
[Date "2012.08.14"]
[Round "2"]
[White "Pilch, Franz"]
[Black "Mayrhuber, Franz"]
[Result "1-0"]
[WhiteElo "1844"]
[BlackElo "1665"]
[PlyCount "65"]
[EventDate "2012.08.13"]
[EventType "swiss"]
[EventRounds "7"]
[EventCountry "AUT"]
[SourceTitle "EXT 2014"]
[Source "ChessBase"]
[SourceDate "2013.11.20"]
[SourceVersion "1"]
[SourceVersionDate "2013.11.20"]
[SourceQuality "1"]

1. e4 e5 2. Nf3 Nc6 3. d4 exd4 4. Nxd4 Bc5 5. Nb3 Bb6 6. Nc3 d6 7. a4 a6 8. Bd3 Be6 9. 0-0 Nge7 10. Bg5 h6 11. Bh4 g5 12. Bg3 Qd7 13. Kh1 0-0-0 14. f4 Bxb3 15. cxb3 g4 16. Nd5 Nxd5 17. exd5 Nb4 18. Be2 f5 19. a5 Bc5 20. Be1 c6 21. Bxb4 Bxb4 22. dxc6 bxc6 23. Bxa6+ Kc7 24. Bd3 Qe6 25. Ra4 c5 26. Qc2 Rhf8 27. Rxb4 g3 28. h3 Rde8 29. a6 Qe1 30. Rb7+ Kd8 31. a7 Qa5 32. Qc3 Qa2 33. Qg7 1-0